Southville International School and Colleges
Your cart is empty.
  • Cart
  • Lists
    Public lists Eva Luna New books Lux_list list_1
    Your lists Log in to create your own lists
  • Log in to your account
  • Your cookies
  • Search history
Southville International School and Colleges
  • Advanced search
  • Recent comments
  • Most popular
  • Libraries

Log in to your account

Log in with GOOGLE


If you do not have an external account, but do have a local account, you can still log in:

  1. Home
  2. MARC view: Love medicine /
Normal view MARC view ISBD view

Love medicine / (Record no. 21386)

[ view plain ]
MARC details
000 -LEADER
fixed length control field 00428nam a2200157 a 4500
005 - DATE AND TIME OF LATEST TRANSACTION
control field 20140310183320.0
008 - FIXED-LENGTH DATA ELEMENTS--GENERAL INFORMATION
fixed length control field 060303s19uu xx 00 eng d
020 ## - INTERNATIONAL STANDARD BOOK NUMBER
International Standard Book Number 0-553-26808-2
050 ## - LIBRARY OF CONGRESS CALL NUMBER
Classification number PS 3555.R42
Item number .Er66 1987
100 ## - MAIN ENTRY--PERSONAL NAME
Personal name Erdrich, Louise
245 ## - TITLE STATEMENT
Title Love medicine /
Statement of responsibility, etc a novel by Louise Erdrich.
260 ## - PUBLICATION, DISTRIBUTION, ETC. (IMPRINT)
Place of publication, distribution, etc New York :
Name of publisher, distributor, etc Bantam Books,
Date of publication, distribution, etc 1987.
300 ## - PHYSICAL DESCRIPTION
Extent 272 p. :
Dimensions 18 cm.
942 ## - ADDED ENTRY ELEMENTS (KOHA)
Koha item type Books
Source of classification or shelving scheme Library of Congress Classification
Holdings
Withdrawn status Lost status Source of classification or shelving scheme Damaged status Home library Current library Shelving location Date acquired Cost, normal purchase price Total Checkouts Full call number Barcode Date last seen Price effective from Koha item type
    Library of Congress Classification   College Library College Library Fiction Section 03/03/2006 30.00   PS 3555.R42 .Er66 1987 C6865 05/08/2018 10/10/2013 Books

Love medicine /

APA

Erdrich L., . (1987). Love medicine. New York: Bantam Books.

Chicago

Erdrich Louise, . 1987. Love medicine. New York: Bantam Books.

Harvard

Erdrich L., . (1987). Love medicine. New York: Bantam Books.

MLA

Erdrich Louise, . Love medicine. New York: Bantam Books. 1987.

  • Place hold
  • Print
  • Cite
  • Add to your cart (remove)
  • Save record
    BIBTEX Dublin Core MARCXML MARC (non-Unicode/MARC-8) MARC (Unicode/UTF-8) MARC (Unicode/UTF-8, Standard) MODS (XML) RIS
  • More searches
    Search for this title in:
    Other Libraries (WorldCat) Other Databases (Google Scholar) Online Stores (Bookfinder.com) Open Library (openlibrary.org)

Exporting to Dublin Core...

SOUTHVILLE LIBRARY

Southville International School and Colleges Library

1281 Tropical Ave. Cor. Luxembourg St., BF Homes International, Las Pinas City

Tel. No. 8256374 / 252358 Loc. 117/146

Powered by Koha